|
|
|
|
| LEADER |
01399nam a2200361Ia 4500 |
| 001 |
EBC488112 |
| 003 |
MiAaPQ |
| 005 |
20200520144314.0 |
| 006 |
m o d | |
| 007 |
cr cn||||||||| |
| 008 |
090505s2009 ilua sb 001 0 eng d |
| 010 |
|
|
|z 2009018828
|
| 020 |
|
|
|z 9780226905679 (cloth : alk. paper)
|
| 020 |
|
|
|z 0226905675 (cloth : alk. paper)
|
| 035 |
|
|
|a (MiAaPQ)EBC488112
|
| 035 |
|
|
|a (Au-PeEL)EBL488112
|
| 035 |
|
|
|a (CaPaEBR)ebr10366858
|
| 035 |
|
|
|a (CaONFJC)MIL250582
|
| 035 |
|
|
|a (OCoLC)593295579
|
| 040 |
|
|
|a MiAaPQ
|c MiAaPQ
|d MiAaPQ
|
| 050 |
|
4 |
|a HG2101
|b .W656 2009
|
| 082 |
0 |
4 |
|a 332.3/40973
|2 22
|
| 100 |
1 |
|
|a Woloson, Wendy A.,
|d 1964-
|
| 245 |
1 |
0 |
|a In hock
|h [electronic resource] :
|b pawning in America from independence through the Great Depression /
|c Wendy A. Woloson.
|
| 260 |
|
|
|a Chicago :
|b University of Chicago Press,
|c c2009.
|
| 300 |
|
|
|a xiii, 233 p. :
|b ill.
|
| 504 |
|
|
|a Includes bibliographical references and index.
|
| 533 |
|
|
|a Electronic reproduction. Ann Arbor, MI : ProQuest, 2015. Available via World Wide Web. Access may be limited to ProQuest affiliated libraries.
|
| 650 |
|
0 |
|a Pawnbroking
|z United States
|x History.
|
| 650 |
|
0 |
|a Loans, Personal
|z United States
|x History.
|
| 655 |
|
4 |
|a Electronic books.
|
| 710 |
2 |
|
|a ProQuest (Firm)
|
| 856 |
4 |
0 |
|u https://ebookcentral.proquest.com/lib/matrademy/detail.action?docID=488112
|z Click to View
|